000 00919nam0a22002531 4500
001 rc\742324
005 20250622114652.0
035 _a(NLR Aleph) 006271699
090 _a6956255
_c6956255
100 _a20040301d1985 |||y0rusy50 ca
101 0 _arus
102 _aRU
105 _aa |||||||||
200 1 _aГравитация в вакуумном поле
210 _aЕреван
_cБ. и.
_a[М.]
_cЦНИИатоминформ
_d1985
215 _a16 с.
_cил.
_d20
225 1 _aЦНИИ информации и технико-экономических исследований по атомной науке и технике, Ереванский физический институт
_vЕФИ-775(2)-85
320 _aБиблиогр.: с. 15-16
700 1 _aТевикян
_bР.В.
801 0 _aRU
_bNLR
_gpsbo
801 1 _aRU
_bELAR
_2rusmarc
852 _aNLR
_j85-4/28998
942 _cBOOK
980 _aNB